[Event "Anderssen Memorial Open-A 2020"]
[Site "Wroclaw"]
[Date "2020.08.01"]
[Round "1.10"]
[White "Peglau, Markus"]
[Black "Kanicki, Krzysztof"]
[Result "0-1"]
[WhiteElo "1910"]
[BlackElo "2163"]
[Annotator "TA"]
[PlyCount "70"]
[EventDate "2020.08.01"]
[EventType "swiss"]
[EventCountry "POL"]
[SourceTitle "playchess.com"]
[Source "ChessBase"]
[SourceQuality "1"]

{[%evp 11,70,17,47,0,0,0,30,0,17,24,51,8,16,-1,-14,-27,-9,-9,-9,-10,-10,-18,-12,-12,-10,-13,-17,-17,-16,-25,-22,-63,-63,-207,-208,-208,-208,-208,-208,-208,-208,-207,-202,-267,-269,-747,-740,-737,-729,-729,-703,-1104,-1100,-1078,-1059,-997,-996,-6520,-5543,-5422,-5315]} 1. d4 Nf6 2. c4 g6 3. f3 Bg7 4. e4 d6 5. Nc3 O-O 6. Bd3 e5 7. Nge2 {E81: King's Indian: Sämisch: 6th move deviations (including 6 Be3 c6).} exd4 8. Nxd4 Nbd7 9. O-O {White has an edge.} c6 10. Be3 Ne5 {[#]} 11. Rc1 $146 ({Predecessor:} 11. Be2 d5 12. cxd5 cxd5 13. Bf4 Nc4 14. Bxc4 dxc4 15. Ndb5 Qb6+ 16. Kh1 Bd7 17. Qd6 {1-0 (38) Rumetsch,D (1634)-Werner,S (1718) Wuerzburg 2002}) 11... d5 12. cxd5 (12. exd5 {is more complex.} cxd5 13. c5 Re8 14. Bb5 Bd7 15. Bg5) 12... cxd5 13. exd5 Nxd3 14. Qxd3 Nxd5 15. Nxd5 Qxd5 16. Qc4 Rd8 {[%cal Rg7d4]} 17. Qxd5 Rxd5 18. Rfd1 Bd7 19. b3 a5 20. Kf2 a4 21. b4 a3 22. Ne2 {This costs White the game.} ({White should play} 22. Rc5 $15 Rd6 23. Rd2) 22... Rxd1 $19 23. Rxd1 Be6 24. Rd2 {[#]} Bb2 $1 25. Bd4 Rd8 ({Worse is} 25... Bxa2 26. Bxb2 axb2 27. Rxb2 $11) 26. Ke3 Bxa2 27. Bxb2 {[%cal Rd2d8]} Rxd2 ({Don't go for} 27... axb2 $2 28. Rxd8+ Kg7 29. Nc3 $18) 28. Kxd2 $2 {[#]} (28. Bxa3 Rc2 29. Kd3) 28... axb2 {[%mdl 4096] Endgame KB-KN. Black is clearly winning.} 29. Nc3 b1=Q 30. Nxb1 Bxb1 {KB-KP} 31. Kc3 b5 32. Kd4 Kf8 33. Ke5 Ke7 34. g4 f6+ 35. Kd5 g5 {Accuracy: White = 44%, Black = 90%.} 0-1

[Event "Anderssen Memorial Open-A 2020"]
[Site "Wroclaw"]
[Date "2020.08.01"]
[Round "1.11"]
[White "Krzywda, Andrzej"]
[Black "Kowalczyk, Wojciech"]
[Result "1/2-1/2"]
[WhiteElo "2156"]
[BlackElo "1873"]
[Annotator "TA"]
[PlyCount "156"]
[EventDate "2020.08.01"]
[EventType "swiss"]
[EventCountry "POL"]
[SourceTitle "playchess.com"]
[Source "ChessBase"]
[SourceQuality "1"]

{[%evp 19,156,15,41,-39,-41,-22,0,12,12,-32,0,-16,-17,-54,9,-23,-23,-35,-22,-27,-23,-41,-26,-26,-9,-46,-16,-27,-16,-40,49,-25,-18,-160,-54,-60,-54,-62,-72,-68,0,0,0,0,0,0,0,0,0,0,0,0,0,0,0,-20,13,13,13,8,12,10,10,12,31,31,31,31,31,31,31,31,31,12,15,14,15,8,8,8,8,8,40,8,8,0,40,8,40,41,41,8,48,0,55,8,8,8,56,40,40,0,0,0,8,8,8,0,0,0,0,0,0,0,0,0,0,0,0,0,0,0,0,0,0,0,0,0,0,0,0,0,0,0,0,0,0,0,0]} 1. d4 Nf6 2. c4 g6 3. Nf3 Bg7 4. g3 O-O 5. Bg2 d6 6. O-O c5 7. Nc3 Nc6 8. dxc5 dxc5 9. Be3 Be6 10. Qa4 Nd4 11. Ng5 {E65: King's Indian: Fianchetto: 6...c5 7 0-0 without d5 by White.} (11. Rad1 $14) 11... Bd7 $15 12. Qd1 $1 {[#]} Ng4 $146 ({Predecessor:} 12... Qb6 13. b3 Rad8 14. Rc1 Bc6 15. Bxc6 Qxc6 16. Qe1 b6 17. f3 Rd7 18. Nge4 Nxe4 19. Nxe4 {½-½ (27) Kahleys,K (2178)-Begnis,N (2243) Germany 2012}) 13. Bf4 h6 14. Nf3 Ne6 15. Bc1 Bc6 16. Nd5 Kh7 ({Black should try} 16... b5 $15) 17. Qc2 Nd4 18. Nxd4 cxd4 19. Bd2 e6 20. Nf4 Bxg2 21. Kxg2 Qd7 22. h4 Qc6+ 23. f3 f5 24. Rac1 e5 (24... Nf6 $15) 25. Nd5 (25. Nd3 $1 $14 a5 26. b4 Ne3+ 27. Bxe3 dxe3 28. b5) 25... Nf6 $11 26. h5 (26. e4 $11 {keeps the balance.}) 26... Nxd5 (26... Nxh5 $17 27. Qd3 Rfe8) 27. cxd5 Qxd5 28. hxg6+ Kxg6 29. g4 e4 (29... Rae8 $15 30. gxf5+ Rxf5) 30. gxf5+ Rxf5 {[#] And now ...d3 would win.} 31. Qxe4 Qxe4 32. fxe4 Rxf1 33. Kxf1 {[%mdl 4096] Endgame KRB-KRB} Rf8+ 34. Kg2 h5 35. Rc5 h4 36. Rg5+ Kf7 37. Rc5 Kg8 38. Bg5 Bf6 39. Kh3 Bxg5 40. Rxg5+ {KR-KR} Kh7 41. Rd5 Rf4 42. Rxd4 {Rd7+ is the strong threat.} Kg6 43. e3 Rf3+ 44. Kxh4 Rxe3 45. Kg4 {Strongly threatening Rd6+.} Kf6 46. Kf4 Re2 47. Rb4 b6 48. a4 Ke6 49. Rb5 Rh2 50. Ke3 Kd6 51. Rd5+ Ke6 52. Rb5 Kd6 53. Kd3 Rh3+ 54. Kd4 Rh2 55. b3 Rh3 56. Kc4 Rh4 ({Black should play} 56... Re3 $11) 57. Kd3 Rh3+ 58. Kd4 Rg3 59. b4 Rb3 60. Kc4 Re3 {The position is equal.} 61. Rd5+ Ke6 62. Kd4 Rb3 $1 63. Kc4 Re3 $1 64. Kb5 {Hoping for Ka6.} Rxe4 65. Rh5 (65. Rd3 {feels hotter.} a6+ 66. Kxb6 Rxb4+ 67. Ka5 Rg4 68. Rd8) 65... a6+ 66. Kxb6 Rxb4+ {[%mdl 64] [#] Double Attack} 67. Ka5 Rg4 68. Rh6+ Kd7 69. Rxa6 Rg5+ 70. Kb4 Rg4+ 71. Kc5 Rg5+ 72. Kd4 (72. Kb4 {seems wilder.}) 72... Rg4+ 73. Ke5 Kc7 74. Kf5 Rh4 75. Kg5 Rb4 76. Ra5 Kb6 77. Ra8 Kb7 78. Ra5 Kb6 {Accuracy: White = 75%, Black = 74%.} 1/2-1/2

[Event "Anderssen Memorial Open-A 2020"]
[Site "Wroclaw"]
[Date "2020.08.01"]
[Round "1.12"]
[White "Peglau, Mirjam"]
[Black "Mondrzycki, Bartlomiej"]
[Result "0-1"]
[WhiteElo "1851"]
[BlackElo "2140"]
[Annotator "TA"]
[PlyCount "68"]
[EventDate "2020.08.01"]
[EventType "swiss"]
[EventCountry "POL"]
[SourceTitle "playchess.com"]
[Source "ChessBase"]
[SourceQuality "1"]

{[%evp 13,68,22,21,25,37,4,11,-26,-26,-25,-21,-39,0,0,0,0,-6,-17,-20,-62,-64,-92,-106,-96,-87,-78,-71,-266,-263,-260,-177,-197,-188,-164,-181,-160,-177,-226,-218,-210,-216,-329,-329,-321,-320,-453,-461,-447,-421,-527,-512,-1149,-563,-736,-765,-997,-1001]} 1. d4 Nf6 2. Nf3 g6 3. c4 Bg7 4. Nc3 O-O 5. Bf4 d6 6. e3 a6 7. Be2 c6 8. O-O {E61: King's Indian: Early deviations for White, including Smyslov System.} b5 {[#]} 9. Qb3 $146 ({Predecessor:} 9. Rc1 Bb7 10. b3 Nbd7 11. h3 Re8 12. Bh2 Qa5 13. Qc2 Rac8 14. Rfd1 c5 15. d5 b4 {1-0 (99) Roselli Mailhe,B (2430)-Flores,D (2598) Mar del Plata 2012}) 9... Nbd7 10. a4 {[%cal Ra4b5] The position is equal.} bxc4 11. Qxc4 c5 12. a5 cxd4 13. exd4 Bb7 14. Rfd1 Rc8 15. Qb3 Rc7 16. Nd2 Qa8 $1 17. f3 Rb8 {...Qa7 is the strong threat.} 18. Qa4 Nd5 19. Nxd5 Bxd5 20. b3 $2 {This costs White the game.} (20. Nc4 $17) 20... Bc6 $19 21. Qc4 Rcc8 {Hoping for ...Bb5.} 22. Qd3 {[#]} Bb5 $1 $36 {[%cal Rb5d3][%mdl 2048] Keeping White busy.} 23. Nc4 {[#]} d5 $1 {[%cal Rd5c4]} 24. Bxb8 Qxb8 25. Qe3 dxc4 26. bxc4 Bxc4 27. Qxe7 (27. Rab1 $142 Qa8 28. Bxc4 Rxc4 29. Qxe7 Bxd4+ 30. Kh1) 27... Re8 28. Qxd7 Bxe2 ({Resist} 28... Rxe2 29. Kh1 $19) 29. Rd2 (29. Rab1 {keeps fighting.} Bb5 30. Qd5) 29... Bb5 {Black is clearly winning.} 30. Qg4 Qd8 31. Qf4 Bf6 {Strongly threatening ...Bg5.} 32. Qg4 (32. Rdd1 $142 Be2 33. Re1) 32... Kg7 (32... h5 $142 33. Qg3 Bh4) 33. Rad1 Qxa5 34. d5 {[#]} Be2 $1 {Accuracy: White = 36%, Black = 78%.} 0-1

[Event "Anderssen Memorial Open-A 2020"]
[Site "Wroclaw"]
[Date "2020.08.01"]
[Round "1.13"]
[White "Jankowiak, Tomasz"]
[Black "Krawiec, Grzegorz"]
[Result "1-0"]
[WhiteElo "2115"]
[BlackElo "1812"]
[Annotator "TA"]
[PlyCount "87"]
[EventDate "2020.08.01"]
[EventType "swiss"]
[EventCountry "POL"]
[SourceTitle "playchess.com"]
[Source "ChessBase"]
[SourceQuality "1"]

{[%evp 11,87,50,54,32,36,28,36,29,30,29,42,60,56,52,91,77,87,74,84,95,82,45,58,49,52,12,45,0,44,0,0,-45,-40,-43,-29,-108,-88,-66,-29,-120,-106,-139,-62,-141,-117,-348,-368,-381,-350,-364,-247,-360,-362,-354,-238,-239,51,68,103,72,212,201,181,208,29972,29973,29970,29971,29981,29982,29982,29983,29983,29984,29984,29985,29985,29986]} 1. e4 c5 2. Nf3 e6 3. d4 cxd4 4. Nxd4 Nc6 5. Nc3 Qc7 6. Be3 a6 7. Qf3 $1 {[%mdl 4] now scores much better than the old 7.Qd2. Played by Leinier Dominguez Perez in July 2020. B48: Sicilian: Taimanov: 5 Nc3 Qc7 6 Be3 a6 without Be2.} Nf6 8. O-O-O Be7 9. Be2 {White is slightly better.} O-O 10. Qg3 Qxg3 11. hxg3 {[#]} Rd8 $146 ({Predecessor:} 11... b5 12. Nxc6 dxc6 13. g4 e5 14. g5 Ng4 15. Bxg4 Bxg4 16. f3 Be6 17. Rh5 f5 {1-0 (32) Arenas Vanegas,D (2463)-Panesso Rivera,H (2361) Medellin 2019}) 12. Nb3 d6 13. Bb6 Rd7 14. g4 h6 15. f4 Bd8 16. Bxd8 (16. Be3 {is interesting.} b5 17. Bf3 b4 18. Na4 Rb8 19. Nd2) 16... Rxd8 17. Bf3 e5 18. f5 b5 19. a4 Na7 {[%cal Bc6a7,Ba7b5,Bb5d4][%mdl 32]} 20. axb5 Nxb5 21. Nd5 Nxd5 22. exd5 a5 {[%cal Ba6a5,Ba5a4][%mdl 32]} 23. f6 (23. Be2 $11 Bd7 24. Nd2) 23... a4 24. Nd2 Nd4 25. Rh5 (25. Ne4 $11) 25... a3 $36 {[%mdl 2048] Black is really pushing.} ({But not} 25... gxf6 $6 26. Rxh6 Bb7 27. Nc4 $11) 26. bxa3 {[#]} Rxa3 ({Black should try} 26... Ba6 $1 $17 {Hoping for ...Rdc8!} 27. c3 Ne2+ 28. Bxe2 Bxe2) 27. Kb2 ({White should play} 27. fxg7 $1 $15 Kxg7 28. Rdh1) 27... Ra6 28. g5 $2 (28. fxg7 $17 {is a better defense.} Kxg7 29. Rdh1) 28... Bf5 $19 29. Nb3 Nxb3 30. cxb3 Rc8 {( -> ...Rc2+)} 31. Rc1 (31. Rd2 {was called for.} Rca8 32. Kc3) 31... Rxc1 32. Kxc1 {[%mdl 4096] Endgame KRB-KRB} Bg6 33. Rh4 e4 $2 ({Don't take} 33... hxg5 34. Ra4) (33... Ra1+ $19 34. Kb2 Rb1+ 35. Kc3 hxg5) 34. gxh6 $14 gxh6 35. Bxe4 Bxe4 (35... Ra2 $16) 36. Rxe4 {KR-KR} Ra5 {[#]} 37. Rg4+ $1 Kf8 $2 (37... Kh8 $18 38. Rg7 Rxd5) 38. Ra4 {White mates.} Rc5+ 39. Rc4 Ke8 40. Rxc5 dxc5 41. Kd2 Kd7 42. Kc3 Kc7 43. Kc4 Kd6 44. g4 {Accuracy: White = 54%, Black = 53%.} 1-0

[Event "Anderssen Memorial Open-A 2020"]
[Site "Wroclaw"]
[Date "2020.08.01"]
[Round "1.14"]
[White "Borowski, Przemyslaw"]
[Black "Piekielny, Pawel"]
[Result "1/2-1/2"]
[WhiteElo "1790"]
[BlackElo "2099"]
[Annotator "TA"]
[PlyCount "88"]
[EventDate "2020.08.01"]
[EventType "swiss"]
[EventCountry "POL"]
[SourceTitle "playchess.com"]
[Source "ChessBase"]
[SourceQuality "1"]

{[%evp 9,88,29,14,11,27,25,83,25,25,25,14,17,27,29,21,28,16,-5,16,0,41,-27,58,-19,-15,-24,0,0,0,-55,6,17,17,8,27,34,24,10,34,0,0,-3,15,11,20,28,33,33,35,37,45,27,38,22,48,8,20,20,35,20,20,20,29,20,52,52,120,92,122,106,109,101,97,0,28,0,93,0,31,0,91]} 1. c4 Nf6 2. Nc3 e6 3. Nf3 Bb4 4. g3 c5 5. a3 Bxc3 6. dxc3 {[#] A17: English Opening: 1...Nf6 with ...Bb4.} d6 $146 ({Predecessor:} 6... O-O 7. Bg2 d5 8. Bg5 h6 9. Bxf6 Qxf6 10. Qb3 Rd8 11. Rd1 d4 12. O-O Nc6 13. Qb5 {1-0 (35) Temkov,B (2083)-Kaminski,T Skopje 2007}) 7. Bg2 O-O (7... h6 $11 {keeps the balance.}) 8. O-O (8. Bg5 $16) 8... h6 $11 9. Qd3 e5 {[#] ...e4 is the strong threat.} 10. Nh4 Qe7 11. Nf5 (11. Rd1 {is more complex.} Rd8 12. e4 Nc6 13. b3 Qc7 14. h3) 11... Bxf5 $1 12. Qxf5 Nc6 13. b4 Rac8 14. Rd1 Rfe8 15. Qb1 ({White should try} 15. e4 $14) 15... b6 (15... e4 $11) 16. Ra2 (16. e4 $14) 16... e4 17. Bf4 Rcd8 18. Rad2 {[%cal Rd2d6]} Ne5 19. Qb3 (19. Bxe5 $11 Qxe5 20. Qc2) 19... Qe6 (19... Nfg4 $1 $15) 20. Bxe5 $1 Qxe5 21. e3 Qe7 22. Qa4 Qc7 23. Qa6 Re7 24. bxc5 Qxc5 25. Rd4 Qc6 (25... g6 {feels hotter.} 26. Qa4 Kg7 27. Qb4 Rc8 28. Bf1 Ne8) 26. Qb5 Qxb5 27. cxb5 Rc8 28. c4 Rc5 29. Bf1 Ne8 30. h3 f5 31. Be2 Kf7 32. Kh2 Kf6 33. g4 g6 34. Kg3 fxg4 35. hxg4 Kg5 36. Bf1 Re6 37. Bg2 Rce5 (37... Nf6 $14) 38. a4 h5 39. gxh5 gxh5 40. Bh3 Re7 41. Bg2 (41. a5 $16) 41... Ng7 42. Bh3 (42. Kh3 $11) 42... Ne8 $1 $16 43. Bg2 (43. Ra1 $16) 43... Ng7 {Threatens to win with ...Nf5+.} 44. Bh3 (44. R4d2 $14) 44... Ne8 $1 {Accuracy: White = 70%, Black = 74%.} 1/2-1/2

[Event "Anderssen Memorial Open-A 2020"]
[Site "Wroclaw"]
[Date "2020.08.01"]
[Round "1.15"]
[White "Trybus, Daniel"]
[Black "Gardian, Adam"]
[Result "1-0"]
[WhiteElo "1950"]
[BlackElo "1723"]
[Annotator "NA"]
[PlyCount "41"]
[EventDate "2020.08.01"]
[EventType "swiss"]
[EventCountry "POL"]
[SourceTitle "playchess.com"]
[Source "ChessBase"]
[SourceQuality "1"]
[TimeControl "40/5400+15:1800+30"]

{[%evp 21,34,36,22,35,157,147,145,25,46,25,32767,30,17,35,251]} 1. e4 {[%emt 0:00:00]} e6 {[%emt 0:00:00]} 2. d4 {[%emt 0:00:00]} d5 {[%emt 0:00:00]} 3. Nd2 {[%emt 0:00:00]} Nf6 {[%emt 0:00:00]} 4. e5 {[%emt 0:00:00]} Nfd7 {[%emt 0:00:00]} 5. Bd3 {[%emt 0:00:00]} c5 {[%emt 0:00:00]} 6. c3 {[%emt 0:00:00]} Nc6 {[%emt 0:00:00]} 7. Ne2 {[%emt 0:00:00]} cxd4 {[%emt 0:01:40]} 8. cxd4 {[%emt 0:00:00]} f6 {[%emt 0:00:00]} 9. Nf4 {[%emt 0:00:00]} Nxd4 {[%emt 0:02:30]} 10. Qh5+ {[%emt 0:00:00]} Ke7 {[%emt 0:01:24]} 11. exf6+ {[%emt 0:04:25]} Nxf6 {[%emt 0:08:00] [#]} 12. Ng6+ $1 {[%emt 0:00:30] Double Attack, Pin} Ke8 {[%emt 0:05:04]} 13. Qh4 {[%emt 0:00:37]} hxg6 {[%emt 0:04:30]} 14. Qxh8 {[%emt 0:01:48]} (14. Bxg6+ $16 Kd7 15. Qxh8) 14... Kf7 {[%emt 0:02:22]} 15. O-O {[%emt 0:01:32]} e5 {[%emt 0:04:03]} 16. Nb3 {[%emt 0:02:03]} Nxb3 {[%emt 0:01:00]} 17. axb3 {[%emt 0:00:00]} Qb6 $18 {[%emt 0:00:00]} (17... Bf5 $11 {and Black stays safe.} 18. Bxf5 gxf5) 18. Bxg6+ {[%emt 0:01:51]} Kxg6 {[%emt 0:00:00]} 19. Qxf8 {[%emt 0:00:00]} Qxb3 {[%emt 0:00:13]} 20. Ra3 {[%emt 0:00:00]} Qb6 {[%emt 0:02:33]} 21. Rg3+ {[%emt 0:00:00]} 1-0

[Event "Anderssen Memorial Open-A 2020"]
[Site "Wroclaw"]
[Date "2020.08.02"]
[Round "2.1"]
[White "Chmiel, Marcin"]
[Black "Barski, Radoslaw"]
[Result "1/2-1/2"]
[WhiteElo "2267"]
[BlackElo "2444"]
[Annotator "TA"]
[PlyCount "145"]
[EventDate "2020.08.01"]
[EventType "swiss"]
[EventCountry "POL"]
[SourceTitle "playchess.com"]
[Source "ChessBase"]
[SourceQuality "1"]

{[%evp 9,145,8,29,29,33,31,32,31,33,7,0,9,16,-6,83,74,75,39,43,-6,4,-6,-2,-7,0,-20,33,-10,-20,-14,-4,-27,12,-21,-4,-14,-12,-20,-16,-10,8,-49,-56,-58,-52,-54,-49,-40,-29,-53,0,0,0,-87,-94,-85,-86,-106,-85,-78,-73,-73,-73,-73,-73,-73,-73,-73,-73,-73,-73,-73,-73,-73,-73,-81,-81,-106,-106,-106,-106,-106,-73,-73,-73,-73,-73,-106,0,-106,-106,-106,-106,-106,-8,-8,-8,-8,-8,-8,-8,-8,0,0,0,0,0,0,0,0,0,0,0,0,0,0,0,0,0,0,0,0,0,0,0,0,0,0,0,0,0,0,0,-8,-8,-8,-8,-8]} 1. c4 e5 2. g3 Nc6 3. Nc3 Bc5 4. Bg2 d6 5. Nf3 a6 6. e3 {A25: English Opening vs King's Indian with ...Nc6 but without early d3.} Ba7 7. d4 exd4 8. exd4 {White is slightly better.} Bg4 9. O-O Nge7 10. Be3 O-O {[#]} 11. h3 $146 ({Predecessor:} 11. Qd2 Nf5 12. Ne2 Re8 13. Rae1 h6 14. h3 Bxf3 15. Bxf3 Qf6 16. Bg2 Nfxd4 17. Nxd4 Nxd4 18. Bxb7 {½-½ (24) Stewart,A (2148)-Klingher,D (2173) St Clement Bay 2018}) 11... Bh5 (11... Bxf3 $11 {keeps the balance.} 12. Bxf3 Nf5) 12. g4 $16 Bg6 13. Nh4 f5 14. Nxg6 Nxg6 15. gxf5 Nh4 $1 16. Qg4 Nxf5 17. Rad1 Qd7 (17... Kh8 $11) 18. Nd5 Kh8 19. Be4 g6 20. c5 (20. Bh6 $5 {[%cal Rh6f8]}) 20... Rae8 21. Bc2 dxc5 22. dxc5 Ne5 23. Bxf5 Rxf5 24. Qd4 {Threatening f4.} c6 25. Nc3 (25. f4 $11) 25... Qxd4 $15 26. Bxd4 {f4 is the strong threat.} Kg8 $36 {[%mdl 2048] Black has good play.} 27. Bxe5 Rexe5 28. Rd8+ Kg7 29. Rd7+ Kh6 (29... Rf7 $15 30. Rxf7+ Kxf7) 30. b4 $11 Rf3 {Threatens to win with ...Rg5+.} 31. Rxb7 (31. Rc1 $11) 31... Bxc5 $1 $17 32. bxc5 Rxc3 $11 {[%mdl 4096] Endgame KRR-KRR} 33. Rb6 Rxh3 {[%cal Re5g5]} 34. Kg2 Ra3 35. Rh1+ Kg7 36. Rxc6 Rg5+ 37. Kf1 {[#]} h5 $1 38. Rg1 Rxg1+ 39. Kxg1 Rxa2 $17 {KR-KR} 40. Rb6 Kf7 41. c6 a5 42. c7 Rc2 43. Ra6 Rxc7 44. Rxa5 Rc3 45. Kg2 Kf6 46. Ra6+ Kg5 47. Ra5+ {[#]} Kh6 $1 48. Rb5 h4 ({Black should try} 48... Rc4 $17 49. Kg3 h4+ 50. Kh3 g5) 49. Rb4 (49. f4 $1 $11) 49... g5 50. Rb8 Kh5 51. Ra8 h3+ ({Black should play} 51... Rb3 $17 {Black wants to play ...h3+.} 52. Ra5 h3+ 53. Kg1 Kh4) 52. Kh2 $11 {The position is equal.} Rf3 53. Ra4 g4 54. Kg1 Kg5 55. Rb4 Rd3 {And now ...Rd1+ would win.} (55... Rf8 {keeps more tension.} 56. Rb5+ Kh4 57. Rb4 Rf3 58. Rb8 h2+) 56. Kh2 Rd1 {aiming for ...Rd2!} 57. Rb8 Kf4 {With the idea ...Rd5.} 58. Rf8+ Ke4 59. Kg3 Rg1+ 60. Kh2 Rg2+ 61. Kh1 Kd3 62. Rf3+ $1 Ke2 {( -> ...Rg1+!)} 63. Re3+ Kf1 (63... Kd2 $5 64. Re4 $8 Kc3 $11) 64. Re4 $1 Rg1+ 65. Kh2 Kxf2 66. Rf4+ Ke3 67. Ra4 Rg2+ 68. Kh1 Rg3 69. Kh2 Rg2+ 70. Kh1 Kf2 (70... g3 $5 71. Re4+ $8 Kf2 72. Rf4+ Ke2 73. Re4+ Kf2 74. Re2+ Kf1 75. Rf2+ gxf2 $11) 71. Ra2+ Kg3 72. Ra3+ $1 Kf4 73. Rf3+ {Accuracy: White = 84%, Black = 85%.} 1/2-1/2

[Event "Anderssen Memorial Open-A 2020"]
[Site "Wroclaw"]
[Date "2020.08.02"]
[Round "2.2"]
[White "Cukrowski, Filip"]
[Black "Wong, Gengchun"]
[Result "1-0"]
[WhiteElo "2419"]
[BlackElo "2190"]
[Annotator "TA"]
[PlyCount "57"]
[EventDate "2020.08.01"]
[EventType "swiss"]
[EventCountry "POL"]
[SourceTitle "playchess.com"]
[Source "ChessBase"]
[SourceQuality "1"]

{[%evp 16,57,0,0,12,17,48,49,43,15,10,6,28,20,135,139,232,236,275,279,358,385,393,354,379,371,394,394,547,547,652,504,549,550,544,526,686,686,686,669,804,797,1223,1214]} 1. e4 c5 2. Nf3 d6 3. c3 Nf6 4. Be2 g6 5. O-O Bg7 6. Bb5+ Bd7 7. Bxd7+ Nbxd7 8. Re1 O-O 9. d4 cxd4 {B50: Sicilian: 2...d6, Miscellaneous.} 10. cxd4 d5 11. e5 $1 {[%cal Re5f6]} Ne4 {White is slightly better.} 12. Ng5 Nxg5 13. Bxg5 {[#]} h6 $146 ({Predecessor:} 13... f6 14. exf6 exf6 15. Bf4 Re8 16. Nc3 Rxe1+ 17. Qxe1 Nf8 18. Qe2 Qd7 19. Re1 Kf7 {1-0 (33) Van den Doel,E (2571)-Meulenbroek,K Leiden 2006}) 14. Bh4 Qb6 {White stays focused until the end.} (14... Nb8 $11) 15. Bxe7 $16 Qxb2 (15... Rfc8 $16 {was called for.}) 16. Bxf8 $18 Qxa1 {[#]} 17. Qd2 $1 {Hoping for Bxg7.} Bxf8 18. Nc3 {[%mdl 64] Discovered Attack} Qxe1+ 19. Qxe1 Bb4 {intending ...Rc8.} 20. Qe3 Bxc3 21. Qxc3 {[%mdl 4096] Endgame KQ-KRN} Nb6 22. h4 {White is clearly winning.} Nc4 {[#]} 23. e6 $1 {[%mdl 512]} fxe6 24. Qg3 Kf7 25. Qc7+ Kg8 26. Qxb7 Rf8 27. Qe7 Nb6 28. Qxa7 Nc8 29. Qd7 {Accuracy: White = 86%, Black = 26%.} 1-0

[Event "Anderssen Memorial Open-A 2020"]
[Site "Wroclaw"]
[Date "2020.08.02"]
[Round "2.3"]
[White "Kanicki, Krzysztof"]
[Black "Kopylov, Michael"]
[Result "0-1"]
[WhiteElo "2163"]
[BlackElo "2407"]
[Annotator "TA"]
[PlyCount "70"]
[EventDate "2020.08.01"]
[EventType "swiss"]
[EventCountry "POL"]
[SourceTitle "playchess.com"]
[Source "ChessBase"]
[SourceQuality "1"]

{[%evp 21,69,12,19,0,14,8,23,6,41,0,41,-22,15,-37,17,-26,5,-14,-16,-14,-14,-17,-30,-38,-44,-41,-41,-46,-12,-85,-98,-101,-93,-80,-87,-72,-91,-172,-177,-159,-176,-395,-394,-1459,-1446,-29988,-29985,-29985,-29986,-29999]} 1. d4 Nf6 2. Nf3 g6 3. Bf4 Bg7 4. e3 c5 5. c3 b6 6. h3 O-O 7. Nbd2 Bb7 8. Be2 d6 9. O-O Nbd7 10. Bh2 Rc8 11. a4 a6 {[#]} 12. Ra3 $146 {A48: 1 d4 Nf6 2 Nf3 g6: Torre, London and Colle Systems.} ({Predecessor:} 12. Re1 Rc7 13. Bd3 cxd4 14. exd4 Nd5 15. Qb3 a5 16. Rad1 N7f6 17. Nc4 Bc6 18. Na3 Qc8 19. Bf1 Bh6 {½-½ (54) Moiseenko,V (2491)-Manolache,M (2518) Alba Iulia 2018}) 12... Qc7 13. Re1 Qb8 14. Bd3 {White has an edge.} Qa8 15. Qe2 Rfe8 16. Raa1 (16. e4 $14) 16... Bh6 17. g4 (17. e4 $11) 17... Bg7 (17... cxd4 $15 18. cxd4 Nd5) 18. Bg3 h5 19. g5 Ne4 20. Nxe4 Bxe4 21. Bxe4 Qxe4 22. Nd2 Qb7 23. Qf3 d5 24. Qg2 e5 25. Nc4 (25. dxe5 $11 {remains equal.} Nxe5 26. Red1) 25... Qc6 $17 26. Nxe5 Nxe5 27. dxe5 Bxe5 28. Bxe5 Rxe5 29. f4 (29. Rad1 $17) 29... Re4 $19 30. Rad1 Rce8 31. Qd2 $2 (31. Qf3) 31... Qe6 32. Qxd5 $2 (32. Qf2 d4 33. Qf3) 32... Qxh3 33. Rd2 Qg3+ {[%mdl 64] [#] Double Attack. Black mates.} 34. Kf1 Rxf4+ {[%mdl 64] Back Rank} 35. exf4 Rxe1# {Accuracy: White = 42%, Black = 56%.} 0-1